The Law of Contract (Record no. 701)

MARC details
005 - DATE AND TIME OF LATEST TRANSACTION
control field 20250315093039.0
082 ## - DEWEY DECIMAL CLASSIFICATION NUMBER
Classification number 340.02 CHE
100 ## - MAIN ENTRY--PERSONAL NAME
Author name CHESHIRE, G. C.
245 ## - TITLE STATEMENT
Title The Law of Contract
250 ## - EDITION STATEMENT
Edition statement 6th Ed.
260 ## - PUBLICATION, DISTRIBUTION, ETC.
Place of publication, distribution, etc. London,
Name of publisher, distributor, etc. Butterworths,
Date of publication, distribution, etc. 1964.
300 ## - PHYSICAL DESCRIPTION
Extent Ixxvii, 575p.
Other physical details Index.
Dimensions 25cm.
700 ## - ADDED ENTRY--PERSONAL NAME
Other authors/Editors FIFOOT, C.H.S.
942 ## - ADDED ENTRY ELEMENTS (KOHA)
Source of classification or shelving scheme Dewey Decimal Classification
Koha item type Books
Holdings
Date last seen Total checkouts Full call number Barcode Cost, replacement price Price effective from Koha item type Lost status Source of classification or shelving scheme Damaged status Not for loan Withdrawn status Home library Current library Shelving location Date acquired Cost, normal purchase price
03/15/2025   340. 02 CHE 0000002781 30000.00 03/15/2025 Books   Dewey Decimal Classification       College of Business Education Main Library College of Business Education Main Library General Collection 03/15/2025 10000.00
03/15/2025   346. 02 CHE 0000002794 30000.00 03/15/2025 Books   Dewey Decimal Classification       College of Business Education Main Library College of Business Education Main Library General Collection 03/15/2025 10000.00